| 000 -LEADER |
| fixed length control field |
00836pab a2200169 454500 |
| 008 - FIXED-LENGTH DATA ELEMENTS--GENERAL INFORMATION |
| fixed length control field |
180718b2001 xxu||||| |||| 00| 0 eng d |
| 100 ## - MAIN ENTRY--PERSONAL NAME |
| Personal name |
Navlakha, Gautam |
| 245 ## - TITLE STATEMENT |
| Title |
Ceasefire in Kashmir: some critical issue |
| 260 ## - PUBLICATION, DISTRIBUTION, ETC. |
| Date of publication, distribution, etc. |
2001 |
| 300 ## - PHYSICAL DESCRIPTION |
| Extent |
p.726-28 |
| 362 ## - DATES OF PUBLICATION AND/OR SEQUENTIAL DESIGNATION |
| Dates of publication and/or sequential designation |
3 Mar |
| 520 ## - SUMMARY, ETC. |
| Summary, etc. |
The ceasefire in Kashmir can only be seen as a beginning of a long process that will have to be based most importantly on a comprehensive understanding of the political aspirations of the people of the entire state. The need of the hour is to acknowledge and sincerely attempt to involve the other forces that have a legitimate say in the resolution of the Kashmir issue. - Reproduced |
| 650 ## - SUBJECT ADDED ENTRY--TOPICAL TERM |
| Topical term or geographic name entry element |
Jammu and Kashmir - Politics and government |
| 650 ## - SUBJECT ADDED ENTRY--TOPICAL TERM |
| Topical term or geographic name entry element |
Politics and government |
| 773 ## - HOST ITEM ENTRY |
| Main entry heading |
Economic and Political Weekly |
| 909 ## - |
| -- |
47809 |